Air Conditioning and refrigeration (Record no. 545913)
[ view plain ]
| 000 -LEADER | |
|---|---|
| fixed length control field | 00307nam a22001097a 4500 |
| 082 ## - DEWEY DECIMAL CLASSIFICATION NUMBER | |
| Classification number | 621.56 |
| Author Mark | SEV |
| -- | L-8, P-19 |
| 100 ## - MAIN ENTRY--PERSONAL NAME | |
| Personal name | Severns |
| 9 (RLIN) | 41893 |
| 245 ## - TITLE STATEMENT | |
| Title | Air Conditioning and refrigeration |
| Statement of responsibility, etc. | Severns |
| 260 ## - PUBLICATION, DISTRIBUTION, ETC. | |
| Place of publication, distribution, etc. | London |
| Name of publisher, distributor, etc. | Jhon Wiley & Sons, Inc |
| 526 ## - STUDY PROGRAM INFORMATION NOTE | |
| Program name | 0 |
| Interest level | 0 |
| Reading level | 0 |
| Title point value | 621_560000000000000_SEV |
| 942 ## - ADDED ENTRY ELEMENTS (KOHA) | |
| Source of classification or shelving scheme | |
| Koha item type | Book |
| Withdrawn status | Lost status | Source of classification or shelving scheme | Damaged status | Not for loan | Permanent Location | Current Location | Date acquired | Total Checkouts | Full call number | Barcode | Date last seen | Price effective from | Koha item type |
|---|---|---|---|---|---|---|---|---|---|---|---|---|---|
| Military College of Engineering (MCE) | Military College of Engineering (MCE) | 05/30/2014 | 621.56 SEV | MCE-33316 | 05/30/2014 | 05/30/2014 | Book |
